| 000 | 01585nam a2200385 i 4500 | ||
|---|---|---|---|
| 003 | EG-ScBUE | ||
| 005 | 20250611092452.0 | ||
| 008 | 150805t2006 caua frb 001 0 eng d | ||
| 020 | _a0805390634 | ||
| 020 | _a9780805390636 | ||
| 040 |
_aEG-ScBUE _beng _erda _cEG-ScBUE _dEG-ScBUE |
||
| 082 | 0 | 4 |
_a530 _bFEY _222 |
| 100 | 1 |
_aFeynman, Richard Phill, _eauthor. |
|
| 245 | 1 | 0 |
_aFeynman's tips on physics : _ba problem-solving supplement to the Feynman lectures on physics / _cRichard P. Feynman, Michael A. Gottlieb, and Ralph Leighton ; with a memoir by Matthew Sands ; exercises and answers by Robert Leighton and Rochus Vogt. |
| 264 | 1 |
_aSan Francisco : _bPearson / Addison-Wesley, _c[2006] |
|
| 264 | 4 | _cc2006 | |
| 300 |
_axiii, 162 pages : _billustrations ; _c23 cm |
||
| 336 |
_2rdacontent _atext _btxt |
||
| 337 |
_aunmediated _2rdamedia _bn |
||
| 338 |
_avolume _bnc _2rdacarrier |
||
| 504 | _aIncludes bibliographical references and index. | ||
| 650 | 7 |
_aPhysics. _2BUEsh |
|
| 650 | 7 |
_aPhysics _vProblems, exercises, etc. _2BUEsh _931057 |
|
| 651 | _2BUEsh | ||
| 653 |
_bENGGEN _cAugust2015 |
||
| 655 |
_vReading book _934232 |
||
| 700 | 1 |
_aGottlieb, Michael A., _eauthor. |
|
| 700 | 1 |
_aLeighton, Ralph, _eauthor. |
|
| 700 | 1 |
_aSands, Matthew L., _eauthor. |
|
| 700 | 1 |
_aLeighton, Robert B., _eauthor. |
|
| 700 | 1 |
_aVogt, Rochus E., _d1929- _eauthor. |
|
| 700 | 1 |
_aFeynman, Richard Phillips. _d1918-1988. _q(Richard Phillips), _tFeynman lectures on physics. |
|
| 856 | 4 | 1 |
_3Table of contents _uhttp://www.loc.gov/catdir/toc/ecip0512/2005013077.html |
| 942 |
_2ddc _cBB |
||
| 999 |
_c297 _d297 |
||